| 000 | 01094cab a2200217 4500 | ||
|---|---|---|---|
| 001 | ##L134836 | ||
| 008 | 060905n2006 000 0 eng u | ||
| 035 | _a(Sirsi) u134836 | ||
| 041 | 0 | _aeng | |
| 100 | 1 | _aCrittenden, Jane | |
| 245 | 0 | 4 | _aThe houses that £60 000 built |
| 260 | _c2006 | ||
| 490 | 0 |
_aRICS Business _vSeptember 2006, 34-35(2) |
|
| 520 | _aDiscusses how developers have risen to the challenge of building well-designed, sustainable homes for £60 000, as required in the Design for Manufacture competition. Suggests that Modern Methods of Construction (MCC), particularly pre-fabricated panels, are key to success and that quantity surveyors will need to fully understand MCC technology and procurement innovations. Includes key findings from the competition. | ||
| 590 | _aIKA190906 | ||
| 650 | 2 | 4 | _aDCLG DESIGN FOR MANUFACTURE COMPETITION |
| 651 | 4 |
_aEngland _y886- |
|
| 690 | _aBUILT ENVIRONMENT-CONSTRUCTION DESIGN | ||
| 856 | 4 | 0 |
_uhttps://www.rics.org/RICSWEB/getpage.aspx?p=0S1lLEgTZUin3W2zdg6dyA _zView the article free of charge at www.rics.org... |
| 942 | _n0 | ||
| 999 |
_c77673 _d77673 |
||